[Event "Benidorm op U2000 17th"]
[Site "Benidorm"]
[Date "2018.12.05"]
[Round "6"]
[White "Perea Blanco, David"]
[Black "Cuellar Gutierrez, Raul"]
[Result "1-0"]
[WhiteElo "1874"]
[BlackElo "1938"]
[PlyCount "123"]
[EventDate "2018.11.30"]
[EventType "swiss"]
[EventRounds "10"]
[EventCountry "ESP"]
[SourceTitle "EXT 2022"]
[Source "ChessBase"]
[SourceDate "2021.10.06"]
[SourceVersion "1"]
[SourceVersionDate "2021.10.06"]
[SourceQuality "1"]

1. d4 Nf6 2. Nf3 g6 3. c4 Bg7 4. Nc3 d5 5. h3 0-0 6. Bf4 c6 7. e3 Qa5 8. Rc1 Ne4 9. Qb3 Nxc3 10. bxc3 Nd7 11. Bd3 dxc4 12. Bxc4 Nb6 13. Bc7 Qa4 14. Bd3 Qxb3 15. axb3 Nd5 16. Be5 a6 17. e4 Nf6 18. Bc7 Be6 19. c4 Rac8 20. Bb6 Nd7 21. Ba5 f6 22. 0-0 Bf7 23. Nh4 Rfe8 24. f4 e5 25. fxe5 fxe5 26. d5 b6 27. Bb4 c5 28. Bc3 a5 29. Be2 Nf6 30. Bf3 Rcd8 31. g4 Re7 32. Bg2 Ne8 33. Nf3 h6 34. h4 Nd6 35. Nd2 Be8 36. Kh2 Bd7 37. Kg3 Rf8 38. Rxf8+ Kxf8 39. Rf1+ Rf7 40. Rxf7+ Kxf7 41. Nf1 a4 42. Nd2 axb3 43. Bf1 Ba4 44. Be2 Ke7 45. Kf3 Bf6 46. Ke3 Bxh4 47. Nf3 Bf6 48. Nxe5 Bxe5 49. Bxe5 b5 50. cxb5 Nxb5 51. Bb2 h5 52. gxh5 gxh5 53. e5 h4 54. Kf4 Nd4 55. d6+ Kd7 56. Bg4+ Kd8 57. e6 Ke8 58. Bc3 Nc6 59. Kg5 b2 60. Bxb2 Nd4 61. Bc3 Nxe6+ 62. Bxe6 1-0

[Event "Benidorm op U2000 17th"]
[Site "Benidorm"]
[Date "2018.12.04"]
[Round "5"]
[White "Belchev, Emil"]
[Black "Perea Blanco, David"]
[Result "1-0"]
[WhiteElo "1957"]
[BlackElo "1874"]
[PlyCount "88"]
[EventDate "2018.11.30"]
[EventType "swiss"]
[EventRounds "10"]
[EventCountry "ESP"]
[SourceTitle "EXT 2022"]
[Source "ChessBase"]
[SourceDate "2021.10.06"]
[SourceVersion "1"]
[SourceVersionDate "2021.10.06"]
[SourceQuality "1"]

1. e4 e5 2. Nf3 Nc6 3. Nc3 Bc5 4. Bb5 Nf6 5. Nxe5 Bxf2+ 6. Kxf2 Nxe5 7. d4 Ng6 8. Rf1 0-0 9. Kg1 c6 10. Bd3 Qb6 11. Be3 d5 12. exd5 Re8 13. Qd2 cxd5 14. h3 Ne4 15. Nxe4 dxe4 16. Bc4 Nh8 17. d5 Qg6 18. Kh2 Bd7 19. Rad1 Qd6+ 20. Bf4 Qc5 21. Bb3 Ng6 22. Bg3 e3 23. Qd4 Rac8 24. Qxc5 Rxc5 25. Rde1 a5 26. d6 Rf5 27. Rxf5 Bxf5 28. Ba4 Rd8 29. Rxe3 Be6 30. Rd3 Bc4 31. Rd4 b5 32. a3 f5 33. Bb3 Bxb3 34. cxb3 f4 35. Be1 f3 36. gxf3 Ne5 37. Kg2 Nc6 38. Rd5 b4 39. Bg3 bxa3 40. bxa3 Ra8 41. d7 Kf7 42. Bc7 Ke7 43. Kg3 Nd8 44. Rxa5 Rxa5 1-0

[Event "Benidorm op U2000 17th"]
[Site "Benidorm"]
[Date "2018.12.02"]
[Round "3"]
[White "Perea Blanco, David"]
[Black "Rionda Medio, Angel Arturo"]
[Result "1-0"]
[WhiteElo "1874"]
[BlackElo "1971"]
[PlyCount "81"]
[EventDate "2018.11.30"]
[EventType "swiss"]
[EventRounds "10"]
[EventCountry "ESP"]
[SourceTitle "EXT 2022"]
[Source "ChessBase"]
[SourceDate "2021.10.06"]
[SourceVersion "1"]
[SourceVersionDate "2021.10.06"]
[SourceQuality "1"]

1. d4 e6 2. c4 Nf6 3. Nf3 Bb4+ 4. Bd2 Bxd2+ 5. Qxd2 b6 6. Nc3 Bb7 7. Qc2 0-0 8. e4 d5 9. cxd5 exd5 10. e5 Ne4 11. Bd3 f5 12. 0-0 Kh8 13. Rac1 Nc6 14. a3 Ne7 15. Rfd1 Rc8 16. Bxe4 dxe4 17. Ng5 Bd5 18. Nxd5 Qxd5 19. Qc4 Qxc4 20. Rxc4 Nd5 21. g3 Rfe8 22. Rdc1 Kg8 23. Rc6 Re7 24. Ne6 Kf7 25. Nf4 Nxf4 26. gxf4 Ke8 27. d5 Rd8 28. Rxc7 Rxd5 29. Rxe7+ Kxe7 30. Rc7+ Kf8 31. Rxa7 Rd1+ 32. Kg2 Rd2 33. Kg3 Rxb2 34. e6 Rc2 35. Rf7+ Ke8 36. Rxf5 Rc3+ 37. Kg4 Rxa3 38. Rf7 Rf3 39. Kf5 Rxf2 40. Kxe4 Rxh2 41. Rxg7 1-0

[Event "Madrid-ch sf-B"]
[Site "Madrid"]
[Date "2016.03.03"]
[Round "1"]
[White "Quispe Arteaga, Gabriel"]
[Black "Perea Blanco, David"]
[Result "1-0"]
[WhiteElo "2059"]
[BlackElo "1884"]
[PlyCount "73"]
[EventDate "2016.03.03"]
[EventType "swiss"]
[EventRounds "9"]
[EventCountry "ESP"]
[SourceTitle "EXT 2017"]
[Source "ChessBase"]
[SourceDate "2016.10.25"]
[SourceVersion "1"]
[SourceVersionDate "2016.10.25"]
[SourceQuality "1"]

1. d4 Nf6 2. c4 e6 3. Nf3 d5 4. e3 c5 5. Nc3 Nc6 6. b3 cxd4 7. exd4 dxc4 8. bxc4 Bb4 9. Bb2 0-0 10. Bd3 Qa5 11. Qc2 Rd8 12. 0-0 Qh5 13. Ne2 Bd6 14. a3 Ne7 15. d5 b6 16. Ng3 Bxg3 17. hxg3 Ne8 18. g4 Qxg4 19. Bxh7+ Kf8 20. Bd3 exd5 21. Rfe1 Be6 22. Nd4 dxc4 23. Be2 Qg6 24. Nxe6+ fxe6 25. Qxc4 Rac8 26. Qb4 Rc5 27. Bf3 Nc7 28. a4 Ncd5 29. Qh4 Rd7 30. Ba3 Nf5 31. Bxc5+ bxc5 32. Qh8+ Ke7 33. Bh5 Qf6 34. Qe8+ Kd6 35. Rad1 Rd8 36. Rxe6+ Qxe6 37. Qxd8+ 1-0

[Event "Madrid-ch Previa-B"]
[Site "Madrid"]
[Date "2016.02.20"]
[Round "7"]
[White "Camarero Izquierdo, Juan Carlos"]
[Black "Perea Blanco, David"]
[Result "1-0"]
[WhiteElo "1833"]
[BlackElo "1884"]
[PlyCount "87"]
[EventDate "2016.02.04"]
[EventType "swiss"]
[EventRounds "9"]
[EventCountry "ESP"]
[SourceTitle "CBM 171 Extra"]
[Source "ChessBase"]
[SourceDate "2016.04.26"]
[SourceVersion "1"]
[SourceVersionDate "2016.04.26"]
[SourceQuality "1"]

1. d4 Nf6 2. Nc3 d5 3. Bg5 c6 4. Qd3 Qa5 5. f3 e6 6. Bxf6 gxf6 7. e4 Bb4 8. Nge2 e5 9. 0-0-0 Be6 10. dxe5 fxe5 11. exd5 cxd5 12. Nxd5 Nc6 13. a3 Bf8 14. Nf6+ Ke7 15. Ne4 Bh6+ 16. f4 Rad8 17. Qg3 Rxd1+ 18. Kxd1 Rd8+ 19. Kc1 exf4 20. Qh4+ Kd7 21. N2c3 Bf8 22. Bb5 Kc8 23. Bxc6 bxc6 24. Rd1 Rxd1+ 25. Kxd1 Qf5 26. Qf2 Kb7 27. Kc1 Qe5 28. Qh4 Kc8 29. Qxh7 f5 30. Ng5 Qe3+ 31. Kd1 Qg1+ 32. Kd2 Qxg2+ 33. Kd3 Qxg5 34. Qxa7 Qd8+ 35. Ke2 Bd6 36. Na4 Qc7 37. Qd4 Be5 38. Qc5 Qd6 39. Nb6+ Kd8 40. Qa5 Ke7 41. c4 Bd4 42. Qa7+ Kf6 43. Nd5+ Ke5 44. Qg7+ 1-0

[Event "Madrid-ch Previa-B"]
[Site "Madrid"]
[Date "2016.02.13"]
[Round "5"]
[White "Sotoca Aguado, Jose"]
[Black "Perea Blanco, David"]
[Result "0-1"]
[WhiteElo "1928"]
[BlackElo "1884"]
[PlyCount "108"]
[EventDate "2016.02.04"]
[EventType "swiss"]
[EventRounds "9"]
[EventCountry "ESP"]
[SourceTitle "CBM 171 Extra"]
[Source "ChessBase"]
[SourceDate "2016.04.26"]
[SourceVersion "1"]
[SourceVersionDate "2016.04.26"]
[SourceQuality "1"]

1. e4 e5 2. Nf3 Nc6 3. Bb5 a6 4. Ba4 Nf6 5. 0-0 b5 6. Bb3 Bb7 7. d3 Be7 8. Bg5 d6 9. c3 0-0 10. Nbd2 Na5 11. Bc2 c5 12. Re1 Re8 13. Nf1 Bf8 14. h3 g6 15. N3h2 Bg7 16. Ng4 h5 17. Nge3 Qc7 18. Qf3 Nh7 19. Bh4 f5 20. Nd5 Bxd5 21. exd5 c4 22. Qg3 Qf7 23. f4 cxd3 24. Bxd3 e4 25. Bc2 Nc4 26. b3 Na3 27. Bd1 b4 28. Rc1 bxc3 29. Ne3 Rec8 30. Be2 Bd4 31. Kh1 Bxe3 32. Qxe3 c2 33. g4 hxg4 34. hxg4 Qxd5 35. Rg1 Kf8 36. gxf5 gxf5 37. Qg3 Rc7 38. Qg6 Raa7 39. Bc4 Nxc4 40. bxc4 Rxc4 41. Qh6+ Ke8 42. Qh5+ Rf7 43. Rg2 e3 44. Bg3 Nf6 45. Qh8+ Kd7 46. Qb8 Qd1+ 47. Rg1 Rh7+ 48. Bh2 Rxh2+ 49. Kxh2 Qh5+ 50. Kg2 Qg4+ 51. Kh2 Qxf4+ 52. Rg3 Qf2+ 53. Kh3 Ng4 54. Rg2 Qf3+ 0-1

[Event "Madrid-ch Previa-B"]
[Site "Madrid"]
[Date "2016.02.05"]
[Round "2"]
[White "Perea Blanco, David"]
[Black "Barragan Arriaza, Pablo"]
[Result "1-0"]
[WhiteElo "1884"]
[BlackElo "1616"]
[PlyCount "84"]
[EventDate "2016.02.04"]
[EventType "swiss"]
[EventRounds "9"]
[EventCountry "ESP"]
[SourceTitle "CBM 171 Extra"]
[Source "ChessBase"]
[SourceDate "2016.04.26"]
[SourceVersion "1"]
[SourceVersionDate "2016.04.26"]
[SourceQuality "1"]

1. d4 d5 2. Nf3 c6 3. g3 Nf6 4. Bg2 e6 5. 0-0 Bd6 6. c4 Nbd7 7. c5 Bc7 8. Nc3 0-0 9. Bg5 h6 10. Bxf6 Nxf6 11. Ne5 Bxe5 12. dxe5 Nd7 13. Qd4 b6 14. cxb6 Qxb6 15. Qxb6 axb6 16. f4 Ba6 17. Rfd1 c5 18. e3 Rac8 19. Ne4 dxe4 20. Rxd7 Bd3 21. Rd1 b5 22. a3 Rb8 23. Kf2 b4 24. a4 Rfc8 25. Rc1 c4 26. Rd4 Rd8 27. Bf1 Rxd4 28. exd4 Bxf1 29. Kxf1 c3 30. bxc3 Rc8 31. c4 b3 32. c5 Kh7 33. Rb1 Rd8 34. Rxb3 Rxd4 35. a5 Rd7 36. Ke2 Kg6 37. g4 h5 38. h3 hxg4 39. hxg4 Kh6 40. Ke3 g5 41. c6 gxf4+ 42. Kxf4 Rd3 1-0

[Event "Madrid-ch"]
[Site "Madrid"]
[Date "2015.02.11"]
[Round "6"]
[White "Rueda Maria, Ramiro"]
[Black "Perea Blanco, David"]
[Result "0-1"]
[WhiteElo "1905"]
[BlackElo "1876"]
[PlyCount "52"]
[EventDate "2015.02.02"]
[EventType "swiss"]
[EventRounds "9"]
[EventCountry "ESP"]
[SourceTitle "CBM 164 Extra"]
[Source "ChessBase"]
[SourceDate "2015.03.02"]
[SourceVersion "1"]
[SourceVersionDate "2015.03.02"]
[SourceQuality "1"]

1. c4 g6 2. Nc3 Bg7 3. d4 e6 4. e4 Ne7 5. Nf3 d5 6. Bg5 f6 7. Be3 dxe4 8. Nxe4 b6 9. Qd2 Nf5 10. Bd3 Bb7 11. Ng3 Nxe3 12. Qxe3 Kf7 13. Be4 c6 14. Qf4 Re8 15. h4 f5 16. Bc2 Nd7 17. h5 e5 18. hxg6+ hxg6 19. Ng5+ Ke7 20. Qh4 Rh8 21. Nh7+ Ke8 22. Qxd8+ Kxd8 23. dxe5 Bxe5 24. 0-0-0 Kc7 25. Ng5 Bf4+ 26. Kb1 Bxg5 0-1

[Event "Madrid-ch"]
[Site "Madrid"]
[Date "2015.02.10"]
[Round "5"]
[White "Perea Blanco, David"]
[Black "Camarero Izquierdo, Juan Carlos"]
[Result "1-0"]
[WhiteElo "1876"]
[BlackElo "1875"]
[PlyCount "116"]
[EventDate "2015.02.02"]
[EventType "swiss"]
[EventRounds "9"]
[EventCountry "ESP"]
[SourceTitle "CBM 164 Extra"]
[Source "ChessBase"]
[SourceDate "2015.03.02"]
[SourceVersion "1"]
[SourceVersionDate "2015.03.02"]
[SourceQuality "1"]

1. d4 f5 2. e4 d6 3. Bd3 fxe4 4. Bxe4 Nf6 5. Bd3 Nc6 6. d5 Ne5 7. c4 e6 8. Nc3 Qe7 9. Nge2 exd5 10. cxd5 Nfg4 11. Bf4 Nxd3+ 12. Qxd3 Ne5 13. Qb5+ c6 14. dxc6 bxc6 15. Qa4 Nd3+ 16. Kd2 Nxf4 17. Qxc6+ Qd7 18. Qxa8 Nxe2 19. Rhe1 Be7 20. Rxe2 0-0 21. Qd5+ Kh8 22. Rae1 Bf6 23. Ne4 Be5 24. Kc1 Ba6 25. Rc2 Bb7 26. Nc5 Qf5 27. Qxb7 dxc5 28. Qe4 Qg5+ 29. Kb1 Bd4 30. f4 Qd8 31. g4 h6 32. Qg6 Qb8 33. Re4 Qb5 34. Rd2 Rd8 35. Rde2 a5 36. g5 hxg5 37. Qxg5 Rb8 38. Qh5+ Kg8 39. Rxd4 cxd4 40. Qxb5 Rxb5 41. Kc2 a4 42. a3 Rb3 43. Rd2 Rh3 44. Rxd4 Rxh2+ 45. Kb1 Kf7 46. Rxa4 Ke6 47. Rb4 Kf5 48. a4 Rh4 49. a5 g5 50. a6 Rh7 51. Rb7 Rh6 52. a7 Ra6 53. fxg5 Kxg5 54. b4 Kf4 55. b5 Ra5 56. Kb2 Ke4 57. Kb3 Ra1 58. Rd7 Ke5 1-0

[Event "Madrid-ch"]
[Site "Madrid"]
[Date "2015.02.03"]
[Round "2"]
[White "Garcia Gonzalez, Pedro A"]
[Black "Perea Blanco, David"]
[Result "0-1"]
[WhiteElo "1823"]
[BlackElo "1876"]
[PlyCount "52"]
[EventDate "2015.02.02"]
[EventType "swiss"]
[EventRounds "9"]
[EventCountry "ESP"]
[SourceTitle "CBM 164 Extra"]
[Source "ChessBase"]
[SourceDate "2015.03.02"]
[SourceVersion "1"]
[SourceVersionDate "2015.03.02"]
[SourceQuality "1"]

1. d4 Nf6 2. Nf3 e6 3. e3 c5 4. Bd3 d5 5. b3 Nc6 6. Bb2 Be7 7. Nbd2 b6 8. a3 0-0 9. 0-0 Bb7 10. Rc1 Rc8 11. c4 cxd4 12. exd4 Na5 13. Qe2 Ne4 14. Bxe4 dxe4 15. Ne5 f6 16. Ng4 f5 17. Ne5 Bf6 18. Rfd1 Bxe5 19. dxe5 Qg5 20. b4 Nc6 21. Nf1 Rfd8 22. Ng3 g6 23. Rd6 Nxe5 24. Bxe5 Rxd6 25. Rc2 Rd7 26. c5 f4 0-1